| 000 | 01138nam0a22003011 4500 | ||
|---|---|---|---|
| 001 | RU\NLR\A1SV\104350 | ||
| 005 | 20251203171251.9 | ||
| 035 | _a(NLR Aleph) 009785703 | ||
| 090 |
_a10114586 _c10114586 |
||
| 100 | _a20100610d1927 u y0rusy50 ca | ||
| 101 | 0 | _arus | |
| 102 | _aRU | ||
| 200 | 1 |
_aСборник программ по практическому ученичеству Пермской школы КТУ _fПод ред. А.Иванова, В.Сережниковой и С.Черкасова _gПредисл. зав. шк. КТУ А.Иванова |
|
| 210 |
_a[Пермь] _cПерм. комсод пром.-экон. образ. _d1927 (обл. 1926) |
||
| 215 |
_a78, [1] с. _d17 см |
||
| 620 | _dПермь | ||
| 702 | 1 |
_aИванов _bА. |
|
| 702 | 1 |
_aСережникова _bВ. |
|
| 702 | 1 |
_aЧеркасов _bС. |
|
| 710 | 0 | 2 | _aПермская школа конторского и торгового ученичества |
| 801 | 0 |
_aRU _bNLR _c20100610 |
|
| 852 |
_aNLR _j41/1099 |
||
| 899 |
_aПОКМ _y2 экз. |
||
| 899 | _aРГБ | ||
| 942 | _cBOOK | ||
| 980 | _aNB | ||
| 980 | _aA1SV | ||